Ruby and the Booker boys : (Record no. 1007)

MARC details
000 -LEADER
fixed length control field 01173cam a22003254a 4500
005 - DATE AND TIME OF LATEST TRANSACTION
control field 20230831084235.0
020 ## - INTERNATIONAL STANDARD BOOK NUMBER
International Standard Book Number 9780545017602
020 ## - INTERNATIONAL STANDARD BOOK NUMBER
International Standard Book Number 0545017602
040 ## - CATALOGING SOURCE
Original cataloging agency DLC
Transcribing agency DLC
Modifying agency DLC
Language of cataloging eng
050 00 - LIBRARY OF CONGRESS CALL NUMBER
Classification number PZ7.B26154
Item number Ru 2008
082 00 - DEWEY DECIMAL CLASSIFICATION NUMBER
Classification number Fic
Edition number 22
100 1# - MAIN ENTRY--PERSONAL NAME
Personal name Barnes, Derrick
245 10 - TITLE STATEMENT
Title Ruby and the Booker boys :
Remainder of title brand new school, brave new Ruby /
Statement of responsibility, etc. by Derrick Barnes ; illustrated by Vanessa Newton.
246 30 - VARYING FORM OF TITLE
Title proper/short title Brand new school, brave new Ruby
260 ## - PUBLICATION, DISTRIBUTION, ETC.
Place of publication, distribution, etc. New York :
Name of publisher, distributor, etc. Scholastic,
Date of publication, distribution, etc. 2008.
300 ## - PHYSICAL DESCRIPTION
Extent 130 pages. :
Other physical details illustrations ;
Dimensions 20 cm.
500 ## - GENERAL NOTE
General note "A Little Apple paperback."
505 ## - FORMATTED CONTENTS NOTE
Formatted contents note R <br/>
520 ## - SUMMARY, ETC.
Summary, etc. When Ruby Booker starts third grade at Hope Road Academy, the same school her three illustrious older brothers attend, she tries hard to make an impression of her own.
521 ## - TARGET AUDIENCE NOTE
Target audience note 700 <br/>
Source Lexile <br/>
521 ## - TARGET AUDIENCE NOTE
Target audience note R <br/>
Source Raz-Plus <br/>
650 #1 - SUBJECT ADDED ENTRY--TOPICAL TERM
Topical term or geographic name entry element Individuality
Form subdivision Fiction.
650 #1 - SUBJECT ADDED ENTRY--TOPICAL TERM
Topical term or geographic name entry element Siblings
Form subdivision Fiction.
650 #1 - SUBJECT ADDED ENTRY--TOPICAL TERM
Topical term or geographic name entry element Schools
Form subdivision Fiction.
650 #1 - SUBJECT ADDED ENTRY--TOPICAL TERM
Topical term or geographic name entry element African Americans
Form subdivision Fiction.
700 1# - ADDED ENTRY--PERSONAL NAME
Personal name Brantley-Newton, Vanessa
Relator term illustrator
906 ## - LOCAL DATA ELEMENT F, LDF (RLIN)
a 7
b cbc
c orignew
d 1
e ecip
f 20
g y-gencatlg
942 ## - ADDED ENTRY ELEMENTS (KOHA)
Source of classification or shelving scheme Dewey Decimal Classification
Koha item type Books
Suppress in OPAC No
999 ## -
-- 1007
-- 1007
Holdings
Withdrawn status Lost status Source of classification or shelving scheme Damaged status Not for loan Collection Home library Current library Shelving location Date acquired Total Checkouts Full call number Barcode Date last seen Date last checked out Copy number Price effective from Koha item type
    Dewey Decimal Classification     Juvenile Fiction Footprints International School Library Network Toul Kork Campus Footprints International School Library Network Toul Kork Campus   07/18/2023 3 BAR Fic PZ7.B26154 FISBK00566 02/20/2024 01/30/2024 1 07/18/2023 Books
    Dewey Decimal Classification     Juvenile Fiction Footprints International School Library Network Toul Kork Campus Footprints International School Library Network Toul Kork Campus TK Primary Library Room(4th Floor), Bookcase 5&6, Shelves 33-56, Orange Books 04/29/2024 2 BAR Fic PZ7.B26154 FISTK00201 10/31/2024 09/05/2024 2 04/29/2024 Books
    Dewey Decimal Classification     Juvenile Fiction Footprints International School Library Network Toul Kork Campus Footprints International School Library Network Toul Kork Campus   07/18/2023   BAR Fic PZ7.B26154 FIS00776 08/31/2023   3 07/18/2023 Books